000
00218 a2200097 4500
001
6026
100
_a
Welsby, V G
245
_a
Theory and design of inductance coils.
260
_a
_b
Macdonald
_c
090
_c
4929
_d
4929
942
_a
NUST-CAE
_c
M
_c
31299
999
_c
241099
_d
241099